| 000 | 01221nam a22003017a 4500 | ||
|---|---|---|---|
| 003 | EG-ScBUE | ||
| 005 | 20211016092810.0 | ||
| 008 | 211016s2014 ua f 000 0 ara d | ||
| 020 | _a9789187729768 | ||
| 040 |
_aEG-ScBUE _bara _erda _cEG-ScBUE _dEG-ScBUE |
||
| 041 | 1 |
_aara _hhin |
|
| 043 | _aa-ii--- | ||
| 082 | 0 | 4 |
_a342.54 _bد س ت _222 |
| 245 | 0 | 0 |
_aدستور الهند / _cترجمة المؤسسة الدولية للديمقراطية والانتخابات. |
| 264 | 1 |
_aالقاهرة : _bالمؤسسة الدولية للديمقراطية والانتخابات، _c2014. |
|
| 300 |
_axxxi, 282 صفحة ؛ _c24 سم |
||
| 336 |
_2rdacontent _aنص _btxt |
||
| 337 |
_2rdamedia _aبدون وسيط _bn |
||
| 338 |
_2rdacarrier _aمجلد _bnc |
||
| 541 |
_cDonation ; _aDr. Hamad. |
||
| 546 | _aالنص باللغة العربية وتم ترجمته من اللغة الهندية. | ||
| 650 | 7 |
_aالقانون الدستوري _zالهند. _2BUEsh |
|
| 651 | 7 |
_aمصر _xالدستور. _2BUEsh |
|
| 653 |
_bLLAAWW _cOctober2021 |
||
| 655 |
_vReading book _934232 |
||
| 710 | 2 |
_aالمؤسسة الدولية للديمقراطية والانتخابات، _eمترجم. _941818 |
|
| 942 | _2ddc | ||
| 999 |
_c29588 _d29559 |
||